| Tag |
First Indicator |
Second Indicator |
Subfields |
| LEADER |
00000cam a2200000 4500 |
| 001 |
in00000080459 |
| 005 |
20151008052923.0 |
| 008 |
750818s1960 scu 00000 eng u |
| 010 |
|
|
|a 60053590
|
| 035 |
|
|
|a (OCoLC)01556420
|
| 035 |
|
|
|9 AAH5456AM
|
| 040 |
|
|
|c FBA
|d TXA
|d UtOrBLW
|
| 049 |
|
|
|a TXAM
|c [335917]
|
| 050 |
0 |
0 |
|a JK9792
|b .A15 1960
|
| 092 |
|
|
|a 342.757
|b M466s
|
| 100 |
1 |
|
|a May, John Amasa.
|
| 245 |
1 |
0 |
|a South Carolina secedes /
|c by John Amasa May and Joan Reynolds Faunt. With biographical sketches of members of South Carolina's Secession Convention, compiled by Joan Reynolds Faunt.
|
| 264 |
|
1 |
|a Columbia :
|b University of South Carolina Press,
|c 1960.
|
| 300 |
|
|
|a 231 pages :
|b illustrations ;
|c 24 cm.
|
| 336 |
|
|
|a text
|b txt
|2 rdacontent
|
| 337 |
|
|
|a unmediated
|b n
|2 rdamedia
|
| 338 |
|
|
|a volume
|b nc
|2 rdacarrier
|
| 500 |
|
|
|a "A publication of the South Carolina Confederate War Centenial Commission."
|
| 610 |
1 |
0 |
|a South Carolina.
|b Convention
|d (1860-1862)
|
| 651 |
|
0 |
|a South Carolina
|v Biography.
|
| 651 |
|
0 |
|a South Carolina
|x Politics and government
|y 1861-1865.
|
| 700 |
1 |
|
|a Faunt, Joan Reynolds.
|
| 999 |
|
|
|a MARS
|
| 999 |
f |
f |
|s e2c763ef-7f96-3556-b586-b10e884ac4b7
|i 6279c3b7-4341-394d-b595-5fcc55dca500
|t 0
|
| 952 |
f |
f |
|p normal
|a Texas A&M University
|b College Station
|c Sterling C. Evans Library
|d Evans: Library Stacks
|t 0
|e JK9792 .A15 1960
|h Library of Congress classification
|i unmediated -- volume
|m A14800789936
|
| 998 |
f |
f |
|a JK9792 .A15 1960
|t 0
|l Evans: Library Stacks
|